000 00307nam a22001337a 4500
008 170608b xxu||||| |||| 00| 0 eng d
020 _a9780132393621
041 _aeng
080 _a32
100 _a18
101 _ashp
245 _aPOLITICS POWER AND THE COMMON GOOD
_cMINTZ.E
942 _2udc
_cBK
999 _c16468
_d16468